000 00333nam a22001217a 4500
040 _cHS
082 _a574
100 _aឌុក ឆេង
245 _aការសំដែង និងការបន្សារពត៌មានសេនេទិច
260 _aRUA
_bឌុក ឆេង
_c1994
300 _a48p;
942 _cKB
999 _c9457
_d9457